| 000 | 02134nam a22001577a 4500 | ||
|---|---|---|---|
| 041 | _aukr | ||
| 080 | _a09 | ||
| 090 | _bМАЗ | ||
| 100 | _aМазурик, А. В. | ||
| 245 | _aЛексико-стилістичний аналіз англійської юридичної лексики (на прикладі англомовних промов юридичного сайту) | ||
| 260 |
_aОстрог _bКАФ _c2014 |
||
| 300 | _a52 | ||
| 520 |
_aВступ.
Розділ І. Юридична лексика та лексико-стилістичні властивості мови.
1.1. Розвиток юридичної лінгвістики
1.2. Природа лексичного значення слова
1.3. Семантичний спосіб утворення слів
1.4. Стилістичні фігури як засоби вираження емоційності та експресивності мовлення
Розділ ІІ. Лексичний аспект англійської юридичної лексики на прикладі англомовних промов юридичного сайту.
2.1. Лексика з конкретним та абстрактним значенням
2.2. Однозначність та багатозначність юридичної лексики
2.3. Синонімія та антонімія в юридичній лексиці англійської мови
2.4. Пароніми юридичної лексики
Розділ ІІІ. Стилістичні фігури в англомовних судових промовах.
3.1. Епітети як стилістичні засоби впливу
3.2. Повтори в судових промовах англомовного юридичного сайту
3.3. Градація і паралельні конструкції в англомовних судових промовах
Висновки.
Список використаної літератури.
Додатки. _0юридична лексика, промова |
||
| 650 | _aResearch Papers | ||
| 999 |
_c285383 _d285383 |
||
| 942 | _cBK | ||